Kluby w ekstraklasie - Statystyki

Ogólne statystyki
  • Ten quiz został rozwiązany 46 razy
  • Średni wynik to 14 z 18
Statystyki odpowiedzi
HintA Odpowiedź % Poprawnych
L Legia Warszawa
95%
C Cracovia
93%
G Górnik Zabrze
93%
L Lech Poznań
93%
G GKS Katowice
88%
Ś Śląsk Wrocław
88%
P Pogoń Szczecin
85%
J Jagielonia Białystok
83%
L Lechia Gdańsk
83%
M Motor Lublin
83%
R Raków Częstochowa
83%
K Korona Kielce
80%
P Piast Gliwice
80%
Z Zagłębie Lubin
80%
R Radomiak Radom
78%
W Widzew Łódź
71%
S Stal Mielec
61%
P Puszcza Niepołomnice
12%
Nie znaleziono quizów pasujących do podanych kryteriów
Rozkład punktacji
Procent ludzi z każdym wynikiem
Percentyl według liczby udzielonych odpowiedzi
Twoja historia wyników
Nie rozwiązałeś tego quizu